New finance library. (Record no. 342742)
[ view plain ]
| 000 -LEADER | |
|---|---|
| fixed length control field | 00686 a2200217 4500 |
| 003 - CONTROL NUMBER IDENTIFIER | |
| control field | OSt |
| 005 - DATE AND TIME OF LATEST TRANSACTION | |
| control field | 20180116182619.0 |
| 008 - FIXED-LENGTH DATA ELEMENTS--GENERAL INFORMATION | |
| fixed length control field | 160427b xxu||||| |||| 00| 0 eng d |
| 020 ## - INTERNATIONAL STANDARD BOOK NUMBER | |
| International Standard Book Number | 8179923673 |
| 020 ## - INTERNATIONAL STANDARD BOOK NUMBER | |
| International Standard Book Number | 9788179923672 |
| 040 ## - CATALOGING SOURCE | |
| Transcribing agency | 0 |
| 100 ## - MAIN ENTRY--PERSONAL NAME | |
| Personal name | Olenick,Arnold J. |
| 245 00 - TITLE STATEMENT | |
| Title | New finance library. |
| 260 ## - PUBLICATION, DISTRIBUTION, ETC. | |
| Place of publication, distribution, etc. | [S.l.] : |
| Name of publisher, distributor, etc. | Jaico Publishing House, |
| Date of publication, distribution, etc. | 2005. |
| 300 ## - PHYSICAL DESCRIPTION | |
| Extent | 1 v. (unpaged) ; |
| Dimensions | 27 cm. |
| 500 ## - GENERAL NOTE | |
| General note | Hardcover. |
| 650 #4 - SUBJECT ADDED ENTRY--TOPICAL TERM | |
| Topical term or geographic name entry element | Finance. |
| 856 40 - ELECTRONIC LOCATION AND ACCESS | |
| Materials specified | Amazon.com |
| Uniform Resource Identifier | <a href="http://www.amazon.com/exec/obidos/ASIN/8179923673/chopaconline-20">http://www.amazon.com/exec/obidos/ASIN/8179923673/chopaconline-20</a> |
| 856 40 - ELECTRONIC LOCATION AND ACCESS | |
| Materials specified | Amazon customer reviews |
| Uniform Resource Identifier | <a href="http://www.chopac.org/cgi-bin/tools/azrev.pl?q=8179923673">http://www.chopac.org/cgi-bin/tools/azrev.pl?q=8179923673</a> |
| 942 ## - ADDED ENTRY ELEMENTS (KOHA) | |
| Institution code [OBSOLETE] | NBS |
| Koha item type | Book |
| Call number prefix | 658.155 OLE |
| Source of classification or shelving scheme | |
| Withdrawn status | Lost status | Source of classification or shelving scheme | Damaged status | Not for loan | Permanent Location | Current Location | Date acquired | Full call number | Barcode | Date last seen | Price effective from | Koha item type | Public note | Total Checkouts | Date last checked out |
|---|---|---|---|---|---|---|---|---|---|---|---|---|---|---|---|
| Write Off | Central Library (CL) | Central Library (CL) | 08/28/2013 | 658.155 OLE | NBS6667 | 08/28/2013 | 08/28/2013 | Reference | Write off File No.0908/IRC/NBS Dated Aug 16, 2018 | ||||||
| Central Library (CL) | Central Library (CL) | 08/28/2013 | 658.155 OLE | NBS6668 | 08/28/2013 | 08/28/2013 | Reference | ||||||||
| Central Library (CL) | Central Library (CL) | 08/28/2013 | 658.155 OLE | NBS6669 | 08/28/2013 | 08/28/2013 | Reference | ||||||||
| Central Library (CL) | Central Library (CL) | 08/28/2013 | 658.155 OLE | NBS6670 | 08/28/2013 | 08/28/2013 | Reference | ||||||||
| Central Library (CL) | Central Library (CL) | 08/28/2013 | 658.155 OLE | NBS6671 | 01/19/2022 | 08/28/2013 | Reference | ||||||||
| Central Library (CL) | Central Library (CL) | 08/28/2013 | 658.155 OLE | NBS6673 | 08/28/2013 | 08/28/2013 | Reference | ||||||||
| Central Library (CL) | Central Library (CL) | 08/28/2013 | 658.155 OLE | NBS6674 | 08/28/2013 | 08/28/2013 | Reference | ||||||||
| Central Library (CL) | Central Library (CL) | 08/28/2013 | 658.155 OLE | NBS6672 | 02/04/2021 | 08/28/2013 | Book | 1 | 02/03/2021 |
